<?xml version="1.0" encoding="UTF-8"?>
<collection xmlns="http://www.loc.gov/MARC21/slim">
    <record>
        <controlfield tag="001">79032</controlfield>
        <controlfield tag="005">20200716101433.0</controlfield>
        <datafield tag="024" ind1="8" ind2=" ">
            <subfield code="2">sideral</subfield>
            <subfield code="a">111568</subfield>
        </datafield>
        <datafield tag="037" ind1=" " ind2=" ">
            <subfield code="a">ART-2019-111568</subfield>
        </datafield>
        <datafield tag="041" ind1=" " ind2=" ">
            <subfield code="a">spa</subfield>
        </datafield>
        <datafield tag="100" ind1=" " ind2=" ">
            <subfield code="0">(orcid)0000-0003-0387-9113</subfield>
            <subfield code="a">Gentile, Alessandro</subfield>
            <subfield code="u">Universidad de Zaragoza</subfield>
        </datafield>
        <datafield tag="245" ind1=" " ind2=" ">
            <subfield code="a">Democracias robotizadas. Escenarios futuros en Estados Unidos y la Unión Europea, Luis Moreno Fernández y Raúl Jiménez (Madrid, Los Libros de la Catarata, 2018)</subfield>
        </datafield>
        <datafield tag="260" ind1=" " ind2=" ">
            <subfield code="c">2019</subfield>
        </datafield>
        <datafield tag="506" ind1="0" ind2=" ">
            <subfield code="a">Access copy available to the general public</subfield>
            <subfield code="f">Unrestricted</subfield>
        </datafield>
        <datafield tag="520" ind1="3" ind2=" ">
            <subfield code="a">Los nuevos sistemas productivos se caracterizan cada vez más por tecnologías y sistemas informáticos que interaccionan con procesos físicos muy complejos y con sofisticados modelos cyborg. La cuarta revolución industrial global ya está aquí, produciendo unos cambios profundos no solamente en el mundo del trabajo, en su organización y en las diferentes formas de entenderlo, sino también en las relaciones sociales y en la vida cotidiana de individuos, familias, consumidores y usuarios del espacio público. El mismo concepto de ciudadanía se ve fuertemente afectado por los cambios (rápidos y paradigmáticos) inducidos por la denominada «industria 4.0», y con ello son susceptibles de nuevos ajustes también aquellas formas de integración, cohesión y participación que organizan la realidad política, cívica y social en la que vivimos. ¿Las democracias occidentales más avanzadas están preparadas para hacer frente a esta revolución? En concreto, ¿nuestros modelos de bienestar y de convivencia sabrán adecuarse a los nuevos desafíos que las transformaciones digitales están acarreando? ¿Cómo será la convivencia funcional entre humanos y robots en el próximo futuro? ¿Qué calidad de vida nos espera? ¿Será posible optimizar el mundo de los robots en pos de una cohesión social...</subfield>
        </datafield>
        <datafield tag="540" ind1=" " ind2=" ">
            <subfield code="9">info:eu-repo/semantics/openAccess</subfield>
            <subfield code="a">by-nc-nd</subfield>
            <subfield code="u">http://creativecommons.org/licenses/by-nc-nd/3.0/es/</subfield>
        </datafield>
        <datafield tag="590" ind1=" " ind2=" ">
            <subfield code="a">0.953</subfield>
            <subfield code="b">2019</subfield>
        </datafield>
        <datafield tag="592" ind1=" " ind2=" ">
            <subfield code="a">0.347</subfield>
            <subfield code="b">2019</subfield>
        </datafield>
        <datafield tag="591" ind1=" " ind2=" ">
            <subfield code="a">SOCIOLOGY</subfield>
            <subfield code="b">100 / 150 = 0.667</subfield>
            <subfield code="c">2019</subfield>
            <subfield code="d">Q3</subfield>
            <subfield code="e">T3</subfield>
        </datafield>
        <datafield tag="593" ind1=" " ind2=" ">
            <subfield code="a">Sociology and Political Science</subfield>
            <subfield code="c">2019</subfield>
            <subfield code="d">Q2</subfield>
        </datafield>
        <datafield tag="655" ind1=" " ind2="4">
            <subfield code="a">info:eu-repo/semantics/other</subfield>
            <subfield code="v">info:eu-repo/semantics/publishedVersion</subfield>
        </datafield>
        <datafield tag="710" ind1="2" ind2=" ">
            <subfield code="1">4009</subfield>
            <subfield code="2">775</subfield>
            <subfield code="a">Universidad de Zaragoza</subfield>
            <subfield code="b">Dpto. Psicología y Sociología</subfield>
            <subfield code="c">Área Sociología</subfield>
        </datafield>
        <datafield tag="773" ind1=" " ind2=" ">
            <subfield code="g">166 (2019), 182-185</subfield>
            <subfield code="p">Rev. esp. invest. sociol.</subfield>
            <subfield code="t">REVISTA ESPANOLA DE INVESTIGACIONES SOCIOLOGICAS</subfield>
            <subfield code="x">0210-5233</subfield>
        </datafield>
        <datafield tag="856" ind1="4" ind2="1">
            <subfield code="u">http://www.reis.cis.es/REIS/PDF/REIS_166_111554460015078.pdf</subfield>
            <subfield code="z">Texto completo de la revista</subfield>
        </datafield>
        <datafield tag="856" ind1="4" ind2=" ">
            <subfield code="s">40359</subfield>
            <subfield code="u">http://zaguan.unizar.es/record/79032/files/texto_completo.pdf</subfield>
            <subfield code="y">Versión publicada</subfield>
        </datafield>
        <datafield tag="856" ind1="4" ind2=" ">
            <subfield code="s">73621</subfield>
            <subfield code="u">http://zaguan.unizar.es/record/79032/files/texto_completo.jpg?subformat=icon</subfield>
            <subfield code="x">icon</subfield>
            <subfield code="y">Versión publicada</subfield>
        </datafield>
        <datafield tag="909" ind1="C" ind2="O">
            <subfield code="o">oai:zaguan.unizar.es:79032</subfield>
            <subfield code="p">articulos</subfield>
            <subfield code="p">driver</subfield>
        </datafield>
        <datafield tag="951" ind1=" " ind2=" ">
            <subfield code="a">2020-07-16-08:51:42</subfield>
        </datafield>
        <datafield tag="980" ind1=" " ind2=" ">
            <subfield code="a">ARTICLE</subfield>
        </datafield>
    </record>

    
</collection>